Dog Breeds - Sudden Death - Statistics

General Stats
  • This quiz has been taken 374 times
  • The average score is 12 of 15
Answers on the Grid
Answers color-coded by a green-red scale on the quiz's grid according to % correct below.
Dachshund
Beagle
Maine Coon
Rottweiler
Ragdoll
Pug
Sphynx
Siberian Husky
Affenpinscher
Pomeranian
Shih Tzu
Basenji
Persian
Criollo
English Setter
Mustang
Bloodhound
Bullmastiff
German Shepherd
Chianina
Poodle
Great Dane
Brangus
Siamese
 
Answer Stats
Answer % Correct
Beagle
95%
Dachshund
95%
Pug
90%
Rottweiler
90%
Siberian Husky
88%
German Shepherd
85%
Pomeranian
85%
Poodle
85%
Shih Tzu
85%
Great Dane
84%
Bloodhound
83%
Bullmastiff
79%
English Setter
78%
Affenpinscher
64%
Basenji
55%
No matching quizzes found
Score Distribution
Percent of People with Each Score
Percentile by Number Answered
Your Score History
You have not taken this quiz